| 000 | 01325cam a2200349 a 4500 | ||
|---|---|---|---|
| 001 | 3092987 | ||
| 003 | OSt | ||
| 005 | 20250813143140.0 | ||
| 008 | 980213s1997 enka d 000 0 eng | ||
| 010 | _a 98114667 | ||
| 020 | _a0192800469 | ||
| 040 |
_aDLC _beng _cDLC _dWaU _dDLC |
||
| 050 | 0 | 0 |
_aQA76.15 _b.D526 1997 |
| 082 | 0 | 0 |
_a004/.03 _221 |
| 130 | 0 | _aDictionary of computing (Oxford University Press) | |
| 245 | 1 | 2 | _aA dictionary of computing. |
| 250 | _a4th ed. | ||
| 260 |
_aOxford ; _aNew York : _bOxford University Press, _c1997. |
||
| 300 |
_a550 p. : _bill. ; _c20 cm. |
||
| 490 | 0 | _aOxford paperback reference | |
| 500 | _aGeneral editor: Valerie Illingworth. | ||
| 500 | _a"With corrections"--Verso t.p. | ||
| 650 | 0 |
_aElectronic data processing _vDictionaries. |
|
| 650 | 0 |
_aComputers _vDictionaries. |
|
| 650 | 0 |
_aComputer science _vDictionaries. |
|
| 700 | 1 | _aIllingworth, Valerie. | |
| 856 | 4 | 2 |
_3Publisher description _uhttp://www.loc.gov/catdir/enhancements/fy0636/98114667-d.html |
| 856 | 4 | 2 |
_3Contributor biographical information _uhttp://www.loc.gov/catdir/enhancements/fy0724/98114667-b.html |
| 906 |
_a7 _bcbc _corignew _d2 _encip _f19 _gy-gencatlg |
||
| 942 |
_2lcc _cREF _n0 |
||
| 999 |
_c7270 _d7270 |
||